[Event "Titled Tuesday intern op 11th Apr Late"]
[Site "Chess.com INT"]
[Date "2023.04.11"]
[Round "2"]
[White "Anand, Nadar"]
[Black "Skaric, Djuro"]
[Result "1-0"]
[WhiteElo "2347"]
[BlackElo "2334"]
[PlyCount "107"]
[EventDate "2023.04.11"]
[EventType "swiss (blitz)"]
[EventRounds "11"]
[EventCountry "USA"]
[SourceTitle "CBM 213 Extra"]
[Source "ChessBase"]
[SourceDate "2023.05.31"]
[SourceVersion "1"]
[SourceVersionDate "2023.05.31"]
[SourceQuality "1"]

1. d4 d6 2. Nf3 g6 3. g3 Bg7 4. Bg2 Nf6 5. 0-0 0-0 6. a4 Nc6 7. Nbd2 e5 8. c3 Nd7 9. e3 h6 10. Ne1 f5 11. f4 Kh7 12. Qc2 Nf6 13. Nd3 Ng4 14. Re1 Bd7 15. h3 e4 16. hxg4 exd3 17. Qxd3 fxg4 18. e4 h5 19. d5 Ne7 20. Nc4 Ng8 21. Kf2 h4 22. gxh4 Qxh4+ 23. Qg3 Qxg3+ 24. Kxg3 Nh6 25. Be3 a6 26. Bd4 Rae8 27. Ne3 Rf7 28. Rh1 Ref8 29. Raf1 Bxd4 30. cxd4 Kg7 31. e5 Nf5+ 32. Nxf5+ Bxf5 33. Rc1 g5 34. fxg5 dxe5 35. dxe5 Re7 36. e6 Rd8 37. Rcf1 Bg6 38. Kxg4 c6 39. Rd1 cxd5 40. Rxd5 Rde8 41. Rd7 Bc2 42. Bxb7 Bxa4 43. Rxe7+ Rxe7 44. Bd5 Be8 45. Rf1 Bg6 46. Rf6 a5 47. b3 Rc7 48. Kf4 Be8 49. Ke5 Rc3 50. Kd6 Bg6 51. e7 Rd3 52. Rxg6+ Kxg6 53. e8Q+ Kxg5 54. Qe5+ 1-0

[Event "Titled Tuesday intern op 11th Apr Late"]
[Site "Chess.com INT"]
[Date "2023.04.11"]
[Round "5"]
[White "Baskakov, Egor"]
[Black "Anand, Nadar"]
[Result "1-0"]
[WhiteElo "2215"]
[BlackElo "2347"]
[PlyCount "63"]
[EventDate "2023.04.11"]
[EventType "swiss (blitz)"]
[EventRounds "11"]
[EventCountry "USA"]
[SourceTitle "CBM 213 Extra"]
[Source "ChessBase"]
[SourceDate "2023.05.31"]
[SourceVersion "1"]
[SourceVersionDate "2023.05.31"]
[SourceQuality "1"]

1. e4 c6 2. d4 d5 3. e5 Bf5 4. Ne2 e6 5. Ng3 Ne7 6. Nxf5 Nxf5 7. c3 Nd7 8. Bd3 Qc7 9. 0-0 Be7 10. Bf4 0-0 11. Nd2 Rfd8 12. Qg4 g6 13. Nf3 Nf8 14. Qh3 c5 15. g4 Ng7 16. Rac1 Rdc8 17. Qg3 Qb6 18. b3 cxd4 19. cxd4 Qa5 20. Bb1 Ba3 21. Rxc8 Rxc8 22. h4 h5 23. Bg5 hxg4 24. Qxg4 Nh7 25. Be3 Qb5 26. Ng5 Nxg5 27. Bxg5 Bf8 28. h5 gxh5 29. Qf3 Qd7 30. Bf6 Nf5 31. Bxf5 exf5 32. Qxh5 1-0

[Event "Paris-ch 94th"]
[Site "Paris"]
[Date "2019.07.11"]
[Round "6"]
[White "Anand, Nadar"]
[Black "Sanchez, Louis"]
[Result "1-0"]
[WhiteElo "2358"]
[BlackElo "2316"]
[PlyCount "93"]
[EventDate "2019.07.07"]
[EventType "swiss"]
[EventRounds "9"]
[EventCountry "FRA"]
[SourceTitle "CBM 191 Extra"]
[Source "ChessBase"]
[SourceDate "2019.09.30"]
[SourceVersion "1"]
[SourceVersionDate "2019.09.30"]
[SourceQuality "1"]

1. d4 Nf6 2. Nf3 d5 3. c4 e6 4. g3 Be7 5. Bg2 0-0 6. 0-0 dxc4 7. Qc2 a6 8. Qxc4 b5 9. Qc2 Bb7 10. Bd2 Be4 11. Qc1 c6 12. Rd1 Nbd7 13. Nc3 Bg6 14. Bg5 Rc8 15. h3 b4 16. Nb1 c5 17. Ne5 Nxe5 18. dxe5 Nd5 19. Bxe7 Qxe7 20. Nd2 c4 21. Ne4 Bxe4 22. Bxe4 Rfd8 23. Qc2 g6 24. Rd4 Qc7 25. Rad1 c3 26. Bf3 a5 27. a3 Qxe5 28. axb4 axb4 29. bxc3 Rxc3 30. Qb2 Rb8 31. Bxd5 exd5 32. Qd2 Rc5 33. Rxb4 Rxb4 34. Qxb4 Qxe2 35. Re1 Qc4 36. Re8+ Kg7 37. Qb8 d4 38. Rg8+ Kf6 39. Qd6+ Kf5 40. Kh2 Ke4 41. Qf4+ Kd3 42. Re8 Kc2 43. Re1 Kb2 44. Qd2+ Kb3 45. Rb1+ Ka4 46. Qb2 Ka5 47. Qa3+ 1-0

[Event "Cattolica op 6th"]
[Site "Cattolica"]
[Date "2019.06.09"]
[Round "2"]
[White "Anand, Nadar"]
[Black "Martinez Alcantara, Jose Eduardo"]
[Result "1/2-1/2"]
[WhiteElo "2366"]
[BlackElo "2583"]
[PlyCount "105"]
[EventDate "2019.06.08"]
[EventType "swiss"]
[EventRounds "9"]
[EventCountry "ITA"]
[SourceTitle "CBM 190 Extra"]
[Source "ChessBase"]
[SourceDate "2019.07.15"]
[SourceVersion "1"]
[SourceVersionDate "2019.07.15"]
[SourceQuality "1"]

1. e4 c5 2. Nf3 d6 3. d4 cxd4 4. Nxd4 Nf6 5. Nc3 a6 6. Be2 e5 7. Nf3 Nbd7 8. a4 h6 9. 0-0 Nc5 10. Nd2 Be6 11. b3 Qc7 12. Bb2 Be7 13. Re1 0-0 14. Bf3 Qc6 15. a5 Rac8 16. Nf1 Rfe8 17. b4 Ncd7 18. Ne3 b5 19. Ncd5 Bf8 20. Rc1 Qb7 21. Qd2 Bxd5 22. exd5 g6 23. Be2 h5 24. c4 bxc4 25. Bxc4 Bh6 26. Ba3 Qa7 27. Qe2 Ra8 28. Bb3 Ne4 29. Rc6 Nb8 30. Qc2 Nf6 31. Rxd6 Nbd7 32. Rc6 Rab8 33. d6 Kg7 34. Qc4 Rf8 35. Rxa6 Qd4 36. Qxd4 exd4 37. Nd5 Bd2 38. Rd1 Nxd5 39. Bxd5 Bxb4 40. Bb2 Bc5 41. Ba1 Rfc8 42. g3 Rb4 43. Rc6 Rxc6 44. Bxc6 Ne5 45. Bd5 Kf6 46. Kg2 g5 47. a6 g4 48. Rc1 Bb6 49. Rd1 Ra4 50. Bb3 Rb4 51. Bd5 Ra4 52. Bb3 Rb4 53. Bd5 1/2-1/2

[Event "Gibraltar Masters 17th"]
[Site "Caleta"]
[Date "2019.01.31"]
[Round "10"]
[White "Kunin, Vitaly L"]
[Black "Anand, Nadar"]
[Result "1-0"]
[WhiteElo "2544"]
[BlackElo "2373"]
[PlyCount "83"]
[EventDate "2019.01.22"]
[EventType "swiss"]
[EventRounds "10"]
[EventCountry "GGB"]
[SourceTitle "CBM 188 Extra"]
[Source "ChessBase"]
[SourceDate "2019.02.28"]
[SourceVersion "1"]
[SourceVersionDate "2019.02.28"]
[SourceQuality "1"]

1. d4 Nf6 2. c4 e6 3. Nc3 Bb4 4. Bd2 0-0 5. Nf3 d5 6. e3 b6 7. cxd5 exd5 8. Qc2 Bb7 9. Bd3 a6 10. 0-0 Nbd7 11. Ng5 h6 12. Nh3 Bd6 13. Ne2 Ne4 14. Ng3 Nxg3 15. hxg3 Nf6 16. Nf4 Ne4 17. a3 Nxd2 18. Qxd2 Qg5 19. Be2 g6 20. Bf3 h5 21. Rfc1 Rad8 22. b4 Rfe8 23. Rc2 h4 24. gxh4 Qxh4 25. g3 Qg5 26. Rac1 Re7 27. Bg2 Ra8 28. Rc3 Rd8 29. Qa2 c6 30. Qd2 Ree8 31. Kf1 Re7 32. Bf3 Qf5 33. Kg2 Bxf4 34. exf4 Kg7 35. Re3 Rde8 36. Re5 Rxe5 37. dxe5 g5 38. fxg5 Qxe5 39. Rh1 Rh8 40. Re1 Qd6 41. Qd4+ f6 42. gxf6+ 1-0

[Event "Gibraltar Masters 17th"]
[Site "Caleta"]
[Date "2019.01.30"]
[Round "9"]
[White "Anand, Nadar"]
[Black "Batsiashvili, Nino"]
[Result "1/2-1/2"]
[WhiteElo "2373"]
[BlackElo "2459"]
[PlyCount "97"]
[EventDate "2019.01.22"]
[EventType "swiss"]
[EventRounds "10"]
[EventCountry "GGB"]
[SourceTitle "CBM 188 Extra"]
[Source "ChessBase"]
[SourceDate "2019.02.28"]
[SourceVersion "1"]
[SourceVersionDate "2019.02.28"]
[SourceQuality "1"]

1. e4 e5 2. Nf3 Nc6 3. Bb5 a6 4. Ba4 Nf6 5. 0-0 Be7 6. Re1 b5 7. Bb3 d6 8. c3 0-0 9. h3 Re8 10. Ng5 Rf8 11. Nf3 Re8 12. d4 Bf8 13. Nbd2 Bb7 14. a4 h6 15. Bc2 exd4 16. cxd4 Nb4 17. Bb1 c5 18. d5 c4 19. Nf1 Nd7 20. Bd2 Nd3 21. Bxd3 cxd3 22. a5 Rc8 23. Ng3 g6 24. Bc3 Rxc3 25. bxc3 Nc5 26. Nd4 Bg7 27. Re3 h5 28. Rxd3 Nxd3 29. Qxd3 Qe7 30. f3 Rc8 31. Nge2 Rc4 32. Kh1 Qc7 33. Qd1 Qc5 34. Nb3 Qf2 35. Nbd4 Bc8 36. Qd3 Bd7 37. f4 Qh4 38. Nf3 Qe7 39. Ned4 Qf6 40. Rf1 Ra4 41. e5 Qxf4 42. Nc6 Qg3 43. e6 fxe6 44. Ne7+ Kh7 45. Nxg6 Qxg6 46. Ng5+ Kh6 47. Nf7+ Kh7 48. Ng5+ Kh6 49. Nf7+ 1/2-1/2

[Event "Gibraltar Masters 17th"]
[Site "Caleta"]
[Date "2019.01.25"]
[Round "4"]
[White "Cuenca Jimenez, Jose Fernando"]
[Black "Anand, Nadar"]
[Result "1-0"]
[WhiteElo "2512"]
[BlackElo "2373"]
[PlyCount "61"]
[EventDate "2019.01.22"]
[EventType "swiss"]
[EventRounds "10"]
[EventCountry "GGB"]
[SourceTitle "CBM 188 Extra"]
[Source "ChessBase"]
[SourceDate "2019.02.28"]
[SourceVersion "1"]
[SourceVersionDate "2019.02.28"]
[SourceQuality "1"]

1. c4 Nf6 2. Nc3 e6 3. Nf3 d5 4. e3 Be7 5. b3 0-0 6. Bb2 b6 7. g3 Bb7 8. Bg2 c5 9. 0-0 Qc8 10. Rc1 Rd8 11. d3 dxc4 12. bxc4 Nc6 13. Qe2 Na5 14. Ne1 Bxg2 15. Nxg2 Nc6 16. f4 a6 17. g4 Ne8 18. g5 b5 19. Rf3 Qd7 20. Rd1 Nd6 21. Rh3 g6 22. Qf3 f6 23. Nh4 fxg5 24. Nxg6 hxg6 25. Nd5 Nf7 26. Qe4 Nce5 27. Bxe5 Nxe5 28. Nxe7+ Qxe7 29. Qxe5 Qg7 30. Qxe6+ Qf7 31. Rh8+ 1-0

[Event "Titled Tuesday intern op 1st Jan"]
[Site "Chess.com INT"]
[Date "2019.01.01"]
[Round "2"]
[White "Aghasiyev, Kamal"]
[Black "Anand, Nadar"]
[Result "1/2-1/2"]
[WhiteElo "2441"]
[BlackElo "2373"]
[PlyCount "81"]
[EventDate "2019.01.01"]
[EventType "swiss (blitz)"]
[EventRounds "10"]
[EventCountry "USA"]
[SourceTitle "EXT 2021"]
[Source "ChessBase"]
[SourceDate "2020.10.23"]
[SourceVersion "1"]
[SourceVersionDate "2020.10.23"]
[SourceQuality "1"]

1. d4 Nf6 2. c4 c5 3. Nf3 cxd4 4. Nxd4 Nc6 5. g3 g6 6. Bg2 Bg7 7. 0-0 0-0 8. Nc3 d6 9. b3 Bd7 10. Bb2 Rc8 11. Nxc6 Bxc6 12. Nd5 Bxd5 13. cxd5 Qa5 14. a3 Rc7 15. Qd3 Nd7 16. Bxg7 Kxg7 17. b4 Qa4 18. Rac1 Rfc8 19. Rxc7 Rxc7 20. f4 f6 21. Qe3 Nb6 22. Rc1 Rxc1+ 23. Qxc1 Qb3 24. Qc7 Kf7 25. Qd8 Qd1+ 26. Kf2 Qd4+ 27. Kf1 Nc4 28. Bf3 Ne3+ 29. Ke1 Nc2+ 30. Kf1 Ne3+ 31. Ke1 f5 32. Qc8 Nc4 33. Qe6+ Kf8 34. Qc8+ Kg7 35. Kf1 Ne3+ 36. Ke1 Nxd5 37. Qxb7 Qg1+ 38. Kd2 Qd4+ 39. Ke1 Qg1+ 40. Kd2 Qd4+ 41. Ke1 1/2-1/2

[Event "Titled Tuesday intern op 1st Jan"]
[Site "Chess.com INT"]
[Date "2019.01.01"]
[Round "3"]
[White "Anand, Nadar"]
[Black "Bolourchifard, Farzad"]
[Result "1-0"]
[WhiteElo "2373"]
[BlackElo "2239"]
[PlyCount "85"]
[EventDate "2019.01.01"]
[EventType "swiss (blitz)"]
[EventRounds "10"]
[EventCountry "USA"]
[SourceTitle "EXT 2021"]
[Source "ChessBase"]
[SourceDate "2020.10.23"]
[SourceVersion "1"]
[SourceVersionDate "2020.10.23"]
[SourceQuality "1"]

1. e4 e5 2. Nf3 Nc6 3. Bb5 a6 4. Ba4 g6 5. 0-0 Bg7 6. c3 d6 7. h3 Bd7 8. d4 Nf6 9. Re1 0-0 10. d5 Ne7 11. Bxd7 Qxd7 12. c4 b6 13. Nc3 Nh5 14. Rb1 a5 15. Nb5 h6 16. a3 Kh7 17. b4 axb4 18. axb4 f5 19. exf5 Qxf5 20. Be3 Qd7 21. Nh4 Nf4 22. Qc2 Nf5 23. Nxf5 Rxf5 24. Bxf4 exf4 25. Re6 Re8 26. Nxc7 Rc8 27. Nb5 Rf6 28. Rxf6 Bxf6 29. Qe4 Be5 30. Rb3 Ra8 31. f3 Ra1+ 32. Kh2 Qe7 33. Ra3 Rxa3 34. Nxa3 Qa7 35. Nc2 Qa4 36. Qe2 h5 37. c5 bxc5 38. bxc5 dxc5 39. Qxe5 Qxc2 40. d6 c4 41. d7 Qd2 42. Qe7+ Kh6 43. d8Q 1-0

[Event "Titled Tuesday intern op 4th Dec"]
[Site "Chess.com INT"]
[Date "2018.12.04"]
[Round "3"]
[White "Mihajlov, Sebastian"]
[Black "Anand, Nadar"]
[Result "1/2-1/2"]
[WhiteElo "2358"]
[BlackElo "2373"]
[PlyCount "134"]
[EventDate "2018.12.04"]
[EventType "swiss (blitz)"]
[EventRounds "10"]
[EventCountry "USA"]
[SourceTitle "EXT 2021"]
[Source "ChessBase"]
[SourceDate "2020.10.23"]
[SourceVersion "1"]
[SourceVersionDate "2020.10.23"]
[SourceQuality "1"]

1. d4 Nf6 2. c4 c5 3. d5 b5 4. cxb5 a6 5. b6 d6 6. Nc3 g6 7. Nf3 Bg7 8. Nd2 Qxb6 9. e4 0-0 10. Nc4 Qc7 11. Be2 Nbd7 12. 0-0 Nb6 13. Na3 Bb7 14. Be3 e6 15. Bf3 Rfe8 16. Re1 exd5 17. exd5 Nfd7 18. g3 Ne5 19. Bg2 Nec4 20. Nxc4 Nxc4 21. Bc1 Rxe1+ 22. Qxe1 Qd7 23. Qe2 Nb6 24. Qd3 a5 25. Bf4 Ba6 26. Qc2 Rb8 27. Re1 Re8 28. Rxe8+ Qxe8 29. h4 Qe7 30. Kh2 Nc4 31. Ne4 f5 32. Ng5 Nxb2 33. Ne6 Bf6 34. Qb3 Qb7 35. Qxb7 Bxb7 36. Bxd6 c4 37. Nc5 Bc8 38. Bf4 c3 39. d6 Bd4 40. d7 Bxd7 41. Nxd7 Nd3 42. Bd5+ Kg7 43. Bb3 Nxf4 44. gxf4 Bxf2 45. Kg2 Bxh4 46. Kf3 h6 47. Bc2 Be7 48. Nb8 Bc5 49. Nc6 Bb6 50. a4 Kf6 51. Nb8 Ke6 52. Nc6 Kf6 53. Ne5 Bc7 54. Nd7+ Ke6 55. Nf8+ Kf7 56. Nd7 Ke6 57. Nf8+ Kf7 58. Nd7 Ke7 59. Nc5 Kd6 60. Nd3 Kd5 61. Ke3 Bb6+ 62. Kf3 Bc7 63. Ke3 g5 64. Bb3+ Kc6 65. Kd4 g4 66. Kxc3 Kd7 67. Kd4 h5 1/2-1/2

[Event "Titled Tuesday intern op 4th Dec"]
[Site "Chess.com INT"]
[Date "2018.12.04"]
[Round "8"]
[White "Sanal, Vahap"]
[Black "Anand, Nadar"]
[Result "0-1"]
[WhiteElo "2490"]
[BlackElo "2373"]
[PlyCount "54"]
[EventDate "2018.12.04"]
[EventType "swiss (blitz)"]
[EventRounds "10"]
[EventCountry "USA"]
[SourceTitle "EXT 2021"]
[Source "ChessBase"]
[SourceDate "2020.10.23"]
[SourceVersion "1"]
[SourceVersionDate "2020.10.23"]
[SourceQuality "1"]

1. e4 c6 2. d4 d5 3. Nc3 dxe4 4. Nxe4 Nf6 5. Nxf6+ exf6 6. c3 Bd6 7. Bd3 Be6 8. Qc2 Nd7 9. h4 Qc7 10. Be3 0-0-0 11. Ne2 h6 12. 0-0-0 Rhe8 13. Kb1 c5 14. Be4 Kb8 15. Rhe1 Nb6 16. dxc5 Bxc5 17. Bf4 Bd6 18. Rxd6 Rxd6 19. Nd4 a6 20. Bf3 Bxa2+ 21. Kxa2 Rxe1 22. Nf5 Qc4+ 23. Qb3 Ra1+ 24. Kxa1 Qxb3 25. Bxd6+ Ka8 26. Ba3 Nc4 27. Nd4 Qa4 0-1

[Event "Titled Tuesday intern op 6th Nov"]
[Site "Chess.com INT"]
[Date "2018.11.06"]
[Round "6"]
[White "Anand, Nadar"]
[Black "Jones, Gawain C B"]
[Result "1/2-1/2"]
[WhiteElo "2394"]
[BlackElo "2677"]
[PlyCount "132"]
[EventDate "2018.11.06"]
[EventType "swiss (blitz)"]
[EventRounds "10"]
[EventCountry "USA"]
[SourceTitle "EXT 2021"]
[Source "ChessBase"]
[SourceDate "2020.10.23"]
[SourceVersion "1"]
[SourceVersionDate "2020.10.23"]
[SourceQuality "1"]

1. d4 Nf6 2. Bf4 b6 3. c4 Bb7 4. Nc3 e6 5. a3 g6 6. e3 Bg7 7. Nf3 0-0 8. Be2 d6 9. 0-0 Nbd7 10. h3 Qe7 11. Bh2 Ne4 12. Nxe4 Bxe4 13. Nd2 Bb7 14. Bf3 Bxf3 15. Qxf3 e5 16. Rfe1 Rae8 17. dxe5 Nxe5 18. Qe2 a5 19. Rad1 a4 20. Ne4 Nxc4 21. Qxc4 Qxe4 22. Qxc7 Rc8 23. Qxd6 Bxb2 24. Qxb6 Bxa3 25. Rd4 Qc2 26. Qb5 Ra8 27. Red1 Be7 28. R1d2 Qc3 29. Rd7 Bf6 30. R7d3 Qa1+ 31. Rd1 Qb2 32. Qxb2 Bxb2 33. Bd6 Rfd8 34. Ba3 Rxd3 35. Rxd3 Bxa3 36. Rxa3 Kf8 37. Kf1 Ke7 38. Ke2 Kd6 39. Kd3 Kc5 40. Kc3 g5 41. Ra1 h5 42. Rh1 a3 43. Ra1 g4 44. hxg4 hxg4 45. f3 a2 46. Kb3 Kd5 47. Rxa2 Rxa2 48. Kxa2 Kc4 49. e4 g3 50. Kb2 Kd4 51. Kc2 Ke3 52. e5 Kf4 53. Kd3 Kxe5 54. Ke3 Kf5 55. Kd3 Kf4 56. Kd2 Kf5 57. Kd3 Ke5 58. Ke3 Kf5 59. f4 Kg4 60. Ke4 f6 61. Ke3 Kh5 62. Kf3 Kh4 63. f5 Kg5 64. Kxg3 Kxf5 65. Kf3 Kg5 66. Kg3 f5 1/2-1/2

[Event "Divcibare Narcis GM-B"]
[Site "Divcibare"]
[Date "2018.10.08"]
[Round "9"]
[White "Popchev, Milko"]
[Black "Anand, Nadar"]
[Result "1-0"]
[WhiteElo "2267"]
[BlackElo "2394"]
[PlyCount "134"]
[EventDate "2018.09.30"]
[EventType "tourn"]
[EventRounds "9"]
[EventCountry "SRB"]
[EventCategory "6"]
[SourceTitle "CBM 187 Extra"]
[Source "ChessBase"]
[SourceDate "2018.11.04"]
[SourceVersion "1"]
[SourceVersionDate "2018.11.04"]
[SourceQuality "1"]

1. d4 Nf6 2. c3 g6 3. Bg5 Bg7 4. Nd2 0-0 5. e4 d5 6. e5 Nfd7 7. Qb3 Nb6 8. Ngf3 N8d7 9. a4 a5 10. Be2 f6 11. exf6 exf6 12. Be3 f5 13. g3 Qe7 14. 0-0 Nf6 15. Ne5 Be6 16. Bg5 Qd6 17. Bf4 Qe7 18. Rae1 Ne4 19. h4 Bf6 20. Ndf3 Kg7 21. Ng5 Nxg5 22. hxg5 Bxg5 23. Nd3 Bxf4 24. Nxf4 Bf7 25. Bf3 Qd7 26. Nd3 Rae8 27. Kg2 Nc4 28. Qc2 f4 29. b3 Nd6 30. g4 g5 31. Re5 Bg6 32. Rxg5 Kf6 33. Rxg6+ hxg6 34. Nc5 Qc8 35. Nd3 Kg7 36. Ne5 Qe6 37. c4 dxc4 38. bxc4 c5 39. dxc5 Qxe5 40. cxd6 Qxd6 41. Qb2+ Qf6 42. Qxb7+ Re7 43. Qd5 Qe5 44. Rb1 Qxd5 45. Bxd5 Kf6 46. Rb5 Ke5 47. Rxa5 Kd4 48. Ra6 g5 49. a5 Re1 50. Rg6 Ra1 51. a6 Ra5 52. Rd6 Kc5 53. Rc6+ Kd4 54. Bf3 Rf7 55. Bd5 Ra7 56. Rg6 R5xa6 57. Rxg5 Rf6 58. Rg8 Ke5 59. Re8+ Kd4 60. Kf3 Ra2 61. g5 Rg6 62. Re4+ Kc5 63. Re8 Kd6 64. Kxf4 Rxf2+ 65. Kg4 Rg7 66. Re6+ Kc7 67. Ra6 Kd8 1-0

[Event "Divcibare Narcis GM-B"]
[Site "Divcibare"]
[Date "2018.10.07"]
[Round "8"]
[White "Anand, Nadar"]
[Black "Panic, Nenad"]
[Result "0-1"]
[WhiteElo "2394"]
[BlackElo "2341"]
[PlyCount "89"]
[EventDate "2018.09.30"]
[EventType "tourn"]
[EventRounds "9"]
[EventCountry "SRB"]
[EventCategory "6"]
[SourceTitle "CBM 187 Extra"]
[Source "ChessBase"]
[SourceDate "2018.11.04"]
[SourceVersion "1"]
[SourceVersionDate "2018.11.04"]
[SourceQuality "1"]

1. Nf3 Nf6 2. c4 c5 3. g3 b6 4. Bg2 Bb7 5. 0-0 e6 6. Nc3 Be7 7. Re1 0-0 8. e4 d6 9. d4 cxd4 10. Nxd4 Qc8 11. b3 a6 12. Bb2 Nbd7 13. Rc1 Qc7 14. h3 Rac8 15. Qe2 Rfe8 16. f4 e5 17. Nd5 Qb8 18. Nf5 Bf8 19. Kh2 Bxd5 20. cxd5 exf4 21. gxf4 g6 22. Nd4 Nxd5 23. Qf1 Rxc1 24. Bxc1 N5f6 25. Bb2 Nh5 26. Nc6 Qc7 27. Nb4 Ndf6 28. Rc1 Qd7 29. Qxa6 Nxe4 30. Qxb6 Qf5 31. Rf1 d5 32. Qc6 Rd8 33. Qb6 Rd7 34. Qb8 f6 35. Nc6 Nd2 36. Rf2 Qd3 37. Ba3 Rf7 38. Ne7+ Kg7 39. Qd8 Qg3+ 40. Kg1 Nxf4 41. Nf5+ gxf5 42. Bxf8+ Kg6 43. Rxf4 Qxf4 44. Bd6 Nf3+ 45. Kh1 0-1

[Event "Divcibare Narcis GM-A"]
[Site "Divcibare"]
[Date "2018.09.28"]
[Round "8"]
[White "Anand, Nadar"]
[Black "Popchev, Milko"]
[Result "1-0"]
[WhiteElo "2394"]
[BlackElo "2267"]
[PlyCount "63"]
[EventDate "2018.09.22"]
[EventType "tourn"]
[EventRounds "9"]
[EventCountry "SRB"]
[EventCategory "6"]
[SourceTitle "CBM 187 Extra"]
[Source "ChessBase"]
[SourceDate "2018.11.04"]
[SourceVersion "1"]
[SourceVersionDate "2018.11.04"]
[SourceQuality "1"]

1. d4 e6 2. Nf3 f5 3. g3 Nf6 4. Bg2 d5 5. c4 c6 6. 0-0 Bd6 7. Nc3 0-0 8. Qc2 Qe7 9. Bg5 a6 10. c5 Bc7 11. Bf4 Ng4 12. h3 Bxf4 13. gxf4 Nh6 14. Ne5 Nd7 15. b4 Kh8 16. e3 Rg8 17. Kh1 Nf7 18. Ne2 g5 19. Nxf7+ Qxf7 20. fxg5 Rxg5 21. f4 Rg7 22. Nc1 Nf6 23. Nd3 Bd7 24. Bf3 Rag8 25. Ne5 Qe7 26. Rg1 Be8 27. Qe2 Nd7 28. Rxg7 Rxg7 29. Nxd7 Qh4 30. Ne5 Rg3 31. Bg2 Bh5 32. Qe1 1-0

[Event "Anogia Capablanca Mem-A 5th"]
[Site "Anogia"]
[Date "2018.09.19"]
[Round "9"]
[White "Anand, Nadar"]
[Black "Fernandez, Daniel Howard"]
[Result "1-0"]
[WhiteElo "2394"]
[BlackElo "2472"]
[PlyCount "93"]
[EventDate "2018.09.11"]
[EventType "tourn"]
[EventRounds "9"]
[EventCountry "GRE"]
[EventCategory "6"]
[SourceTitle "CBM 186 Extra"]
[Source "ChessBase"]
[SourceDate "2018.08.24"]
[SourceVersion "1"]
[SourceVersionDate "2018.08.24"]
[SourceQuality "1"]

1. d4 d6 2. Nf3 g6 3. g3 Bg7 4. Bg2 e5 5. c4 e4 6. Ng5 f5 7. h4 Nf6 8. Nc3 Nc6 9. Nh3 Nh5 10. e3 0-0 11. Bf1 Ne7 12. Be2 Nf6 13. h5 Bh6 14. hxg6 hxg6 15. Qb3 Kg7 16. Bd2 Rh8 17. f4 exf3 18. Bxf3 c6 19. d5 cxd5 20. cxd5 g5 21. Bg2 Qb6 22. Qxb6 axb6 23. e4 g4 24. Nf4 Ng6 25. Nxg6 Kxg6 26. Bf4 fxe4 27. Nxe4 Bf5 28. Nxd6 Bxf4 29. gxf4 Rxh1+ 30. Bxh1 Nh5 31. Kd2 Ra4 32. Ke3 Bd7 33. Be4+ Kg7 34. b3 Ra8 35. Nxb7 Rf8 36. Rh1 Nf6 37. Nd6 b5 38. a4 bxa4 39. bxa4 Ra8 40. Ra1 Bxa4 41. Bg2 Kf8 42. Kd4 Ra6 43. Ne4 Nxe4 44. Bxe4 Ke7 45. Bd3 Ra5 46. Bc2 g3 47. Bxa4 1-0

[Event "Anogia Capablanca Mem-A 5th"]
[Site "Anogia"]
[Date "2018.09.13"]
[Round "3"]
[White "Anand, Nadar"]
[Black "Gukesh, Dommaraju"]
[Result "1/2-1/2"]
[WhiteElo "2394"]
[BlackElo "2453"]
[PlyCount "143"]
[EventDate "2018.09.11"]
[EventType "tourn"]
[EventRounds "9"]
[EventCountry "GRE"]
[EventCategory "6"]
[SourceTitle "CBM 186 Extra"]
[Source "ChessBase"]
[SourceDate "2018.08.24"]
[SourceVersion "1"]
[SourceVersionDate "2018.08.24"]
[SourceQuality "1"]

1. d4 Nf6 2. c4 g6 3. g3 Bg7 4. Bg2 0-0 5. Nf3 d6 6. 0-0 Nbd7 7. Nc3 e5 8. e4 exd4 9. Nxd4 Re8 10. Re1 Nc5 11. h3 Bd7 12. Rb1 Qc8 13. Kh2 a6 14. b4 Ne6 15. Nde2 a5 16. a3 axb4 17. axb4 Nd8 18. f4 Be6 19. c5 dxc5 20. bxc5 Nc6 21. Be3 Bf5 22. exf5 Rxe3 23. Qd2 Qe8 24. fxg6 hxg6 25. Ng1 Rxe1 26. Rxe1 Qf8 27. Qb2 Rb8 28. Qb5 Nh5 29. Ne4 Nd4 30. Qc4 b5 31. cxb6 cxb6 32. Nf3 Rc8 33. Qd3 Nf5 34. Rb1 Rd8 35. Qb3 Qe7 36. Qxb6 Rc8 37. Re1 Rc2 38. Qb8+ Qf8 39. Qxf8+ Bxf8 40. Nfg5 Nfxg3 41. Nf6+ Nxf6 42. Kxg3 Nh5+ 43. Kf3 Bd6 44. Ne4 Bxf4 45. Re2 Rc4 46. Kf2 Bc7 47. Rb2 Nf4 48. Nf6+ Kg7 49. Bf1 Nxh3+ 50. Bxh3 Kxf6 51. Ra2 Rc3 52. Bd7 Rc5 53. Ra6+ Ke7 54. Bg4 Bd6 55. Ra7+ Kf6 56. Rd7 Be7 57. Bf3 Ke6 58. Rb7 f5 59. Bd1 Rc3 60. Bb3+ Kf6 61. Kg2 Bc5 62. Bd5 Kg5 63. Rb3 Rc2+ 64. Kf3 Kh4 65. Kf4 Bd6+ 66. Ke3 g5 67. Be6 Rc5 68. Bd7 g4 69. Rb5 Rxb5 70. Bxb5 Bc5+ 71. Kf4 g3 72. Bc6 1/2-1/2

[Event "Anogia Capablanca Mem-A 5th"]
[Site "Anogia"]
[Date "2018.09.11"]
[Round "1"]
[White "Anand, Nadar"]
[Black "Anagnostopoulos, Konstantinos"]
[Result "1/2-1/2"]
[WhiteElo "2394"]
[BlackElo "2319"]
[PlyCount "90"]
[EventDate "2018.09.11"]
[EventType "tourn"]
[EventRounds "9"]
[EventCountry "GRE"]
[EventCategory "6"]
[SourceTitle "CBM 186 Extra"]
[Source "ChessBase"]
[SourceDate "2018.08.24"]
[SourceVersion "1"]
[SourceVersionDate "2018.08.24"]
[SourceQuality "1"]

1. d4 Nf6 2. c4 e6 3. g3 d5 4. Nf3 dxc4 5. Bg2 a6 6. 0-0 Nc6 7. Nc3 Be7 8. Qa4 Bd7 9. Qxc4 b5 10. Qd3 Nb4 11. Qd1 Bc6 12. a3 Nbd5 13. Ne5 Bb7 14. Qd3 Rb8 15. Ne4 Nxe4 16. Bxe4 Bd6 17. b4 f5 18. Bg2 Bxe5 19. dxe5 Nb6 20. Qxd8+ Kxd8 21. e4 Bxe4 22. Bxe4 fxe4 23. Re1 Nd5 24. Rxe4 Kd7 25. Be3 a5 26. Bc5 axb4 27. axb4 Ra8 28. Rxa8 Rxa8 29. Rh4 h6 30. Rg4 Rg8 31. Re4 Kc6 32. Rg4 Nc3 33. Kg2 Kd5 34. f4 Ne4 35. Be7 c5 36. Bxc5 Nxc5 37. bxc5 b4 38. f5 Kxc5 39. f6 g5 40. Re4 b3 41. Re1 Rb8 42. Kf3 h5 43. h4 gxh4 44. gxh4 b2 45. Rb1 Kd5 1/2-1/2

[Event "Abu Dhabi op 25th"]
[Site "Abu Dhabi"]
[Date "2018.08.14"]
[Round "8"]
[White "Anand, Nadar"]
[Black "Sharma, Dinesh Kumar"]
[Result "1-0"]
[WhiteElo "2377"]
[BlackElo "2275"]
[PlyCount "59"]
[EventDate "2018.08.07"]
[EventType "swiss"]
[EventRounds "9"]
[EventCountry "UAE"]
[SourceTitle "CBM 185 Extra"]
[Source "ChessBase"]
[SourceDate "2018.07.29"]
[SourceVersion "1"]
[SourceVersionDate "2018.07.29"]
[SourceQuality "1"]

1. d4 Nf6 2. c4 e6 3. g3 d5 4. Bg2 Bb4+ 5. Bd2 Bd6 6. Nf3 c6 7. Qc2 Nbd7 8. 0-0 0-0 9. Bg5 h6 10. Bxf6 Nxf6 11. Nbd2 b6 12. e4 Be7 13. e5 Nd7 14. Rfc1 Nb8 15. Nf1 a5 16. Ne3 Na6 17. cxd5 cxd5 18. a3 Bd7 19. Bf1 b5 20. Bd3 Qb6 21. Qd2 Rfc8 22. Ng4 Bf8 23. Bc2 b4 24. Qd3 Rxc2 25. Rxc2 Bb5 26. Qd2 Ba4 27. Rcc1 Nc7 28. axb4 Bxb4 29. Qf4 Be8 30. Nf6+ 1-0